000 00849nam a2200205 i 4500
001 42620
003 ES-MaACL
005 20230906160640.0
007 t|
008 030313s1971 sp |||| | spa d
100 1 _aCarbonnier, Jean.
_935087
245 1 0 _aDerecho civil /
_cJean Carbonnier ; estudio introductorio y traducción con adiciones de conversión al derecho español por Manuel María Zorrilla Ruiz.
260 _aBarcelona :
_bBosch,
_c[1971]
300 _a2 v. ;
_c23 cm.
505 8 _aContiene: T. II, v.II. El derecho de las obligaciones y la situación contractual - T. II, v. III: Situaciones extracontractuales y dinámica de las obligaciones
650 0 4 _aObligaciones (Derecho)
_915660
650 4 _aObligaciones (Derecho)-
_zEspaña.
_9138665
700 1 _aZorrilla Ruiz, Manuel María.
_9118359
852 _aES-MaACL
_jP-1655
999 _c42620
_d42620